[Event "Pattaya op"]
[Site "Pattaya"]
[Date "2018.10.25"]
[Round "3"]
[White "Andersen, Soren Mikkel"]
[Black "Saptarshi, Roy Chowdhury"]
[Result "0-1"]
[WhiteElo "2159"]
[BlackElo "2496"]
[PlyCount "60"]
[EventDate "2018.10.24"]
[EventType "swiss"]
[EventRounds "9"]
[EventCountry "THA"]
[SourceTitle "CBM 187 Extra"]
[Source "ChessBase"]
[SourceDate "2018.11.04"]
[SourceVersion "1"]
[SourceVersionDate "2018.11.04"]
[SourceQuality "1"]

1. d4 d5 2. c4 e6 3. Nc3 c6 4. Nf3 dxc4 5. a4 Bb4 6. e3 b5 7. Bd2 a5 8. axb5 Bxc3 9. Bxc3 cxb5 10. b3 Bb7 11. bxc4 b4 12. Bb2 Nf6 13. Bd3 0-0 14. 0-0 Nbd7 15. Re1 Ne4 16. Nd2 Nxd2 17. Qxd2 Qe7 18. Bc2 Rfd8 19. Rec1 Bc6 20. c5 Nxc5 21. Bb1 Ne4 22. Qc2 Bb7 23. f3 Nf6 24. d5 Rac8 25. Qd1 Nxd5 26. Rxc8 Bxc8 27. Qd3 f5 28. Rxa5 Nc3 29. Qc2 Rd1+ 30. Kf2 Qh4+ 0-1

[Event "Bronshoj Lang Weekend"]
[Site "Copenhagen"]
[Date "2018.02.16"]
[Round "3"]
[White "Rostgaard, Tobias Valentin"]
[Black "Andersen, Soren Mikkel"]
[Result "1-0"]
[WhiteElo "2305"]
[BlackElo "2158"]
[PlyCount "73"]
[EventDate "2018.02.15"]
[EventType "swiss"]
[EventRounds "7"]
[EventCountry "DEN"]
[SourceTitle "CBM 183 Extra"]
[Source "ChessBase"]
[SourceDate "2018.04.19"]
[SourceVersion "1"]
[SourceVersionDate "2018.04.19"]
[SourceQuality "1"]

1. d4 d5 2. Bf4 Nf6 3. e3 c5 4. Nd2 Nc6 5. Ngf3 Bg4 6. c3 e6 7. Qa4 Nd7 8. Ne5 Ndxe5 9. Bxe5 Qb6 10. dxc5 Bxc5 11. Qxg4 Nxe5 12. Qxg7 Ng6 13. Nb3 e5 14. Nxc5 Qxc5 15. Bd3 e4 16. Bc2 Qb6 17. Bb3 Rd8 18. h4 Ke7 19. Qd4 Qxd4 20. cxd4 Kd6 21. Kd2 Rc8 22. g3 Ne7 23. Rac1 f5 24. Rxc8 Rxc8 25. Rc1 Rg8 26. Ke2 b6 27. Rg1 f4 28. exf4 Nf5 29. Rd1 Rc8 30. g4 Nxh4 31. Rh1 Nf3 32. Rh6+ Ke7 33. Rxh7+ Kf6 34. Bxd5 Nxd4+ 35. Ke3 Nc2+ 36. Kxe4 Re8+ 37. Kf3 1-0

[Event "Bronshoj Lang Weekend"]
[Site "Copenhagen"]
[Date "2018.02.15"]
[Round "1"]
[White "Gustafsson, Magnus"]
[Black "Andersen, Soren Mikkel"]
[Result "0-1"]
[WhiteElo "1914"]
[BlackElo "2158"]
[PlyCount "90"]
[EventDate "2018.02.15"]
[EventType "swiss"]
[EventRounds "7"]
[EventCountry "DEN"]
[SourceTitle "CBM 183 Extra"]
[Source "ChessBase"]
[SourceDate "2018.04.19"]
[SourceVersion "1"]
[SourceVersionDate "2018.04.19"]
[SourceQuality "1"]

1. e4 c5 2. Nf3 d6 3. Bb5+ Bd7 4. Bxd7+ Qxd7 5. 0-0 Nf6 6. e5 dxe5 7. Nxe5 Qc7 8. d4 cxd4 9. Qxd4 Nc6 10. Nxc6 Qxc6 11. Bg5 e6 12. Nc3 Be7 13. Rad1 0-0 14. Qe3 Rfd8 15. Rd4 Rxd4 16. Qxd4 a6 17. Re1 Rd8 18. Qh4 h6 19. Bc1 Nd5 20. Qe4 Nxc3 21. Qxc6 bxc6 22. bxc3 Bf6 23. Be3 Bxc3 24. Rb1 Rd5 25. Kf1 Ra5 26. Rb3 Be5 27. a3 Bd6 28. Bc1 Rc5 29. c3 f5 30. h3 e5 31. Ke2 Kf7 32. Bb2 Rb5 33. Rxb5 cxb5 34. Kd3 Ke6 35. g4 e4+ 36. Kd4 Bb8 37. gxf5+ Kxf5 38. Ke3 Ba7+ 39. Ke2 g5 40. Bc1 h5 41. Be3 Bxe3 42. Kxe3 h4 43. f3 exf3 44. Kxf3 a5 45. Kg2 Ke4 0-1

[Event "Helsingor Xtracon op"]
[Site "Helsingor"]
[Date "2017.07.25"]
[Round "5"]
[White "Kramer, Julian"]
[Black "Andersen, Soren Mikkel"]
[Result "1-0"]
[WhiteElo "2333"]
[BlackElo "2123"]
[PlyCount "41"]
[EventDate "2017.07.22"]
[EventType "swiss"]
[EventRounds "10"]
[EventCountry "DEN"]
[SourceTitle "CBM 179 Extra"]
[Source "ChessBase"]
[SourceDate "2017.08.23"]
[SourceVersion "1"]
[SourceVersionDate "2017.08.23"]
[SourceQuality "1"]

1. e4 c5 2. Nf3 d6 3. d4 cxd4 4. Nxd4 Nf6 5. Nc3 a6 6. a3 b5 7. Nd5 e6 8. Nxf6+ Qxf6 9. c4 bxc4 10. Bxc4 Bb7 11. 0-0 Nd7 12. Be3 e5 13. Ne2 Bxe4 14. Nc3 Bc6 15. Bd5 Bxd5 16. Nxd5 Qd8 17. Rc1 Rc8 18. Qa4 Rb8 19. Rc7 Be7 20. Qc6 f5 21. Nb6 1-0

[Event "Copenhagen Challenge"]
[Site "Ballerup"]
[Date "2017.05.11"]
[Round "3"]
[White "Kleinman, Michael"]
[Black "Andersen, Soren Mikkel"]
[Result "1-0"]
[WhiteElo "2335"]
[BlackElo "2111"]
[PlyCount "123"]
[EventDate "2017.05.10"]
[EventType "swiss"]
[EventRounds "9"]
[EventCountry "DEN"]
[SourceTitle "CBM 178 Extra"]
[Source "ChessBase"]
[SourceDate "2017.06.22"]
[SourceVersion "1"]
[SourceVersionDate "2017.06.22"]
[SourceQuality "1"]

1. e4 c5 2. Nf3 d6 3. d4 cxd4 4. Qxd4 a6 5. h3 Nc6 6. Qe3 Nf6 7. c4 e6 8. Be2 Be7 9. 0-0 0-0 10. Nc3 Qc7 11. b3 b6 12. Bb2 Bb7 13. Rfd1 Rfe8 14. Rac1 Ne5 15. Nd4 Rad8 16. Bf1 Ng6 17. Bd3 Nd7 18. Kh1 Qb8 19. Bb1 Bf8 20. Qg3 Nf6 21. Re1 Rc8 22. Rcd1 Qc7 23. Rd2 h6 24. Nde2 Bc6 25. Ba3 Red8 26. Red1 Ne8 27. Qe3 b5 28. cxb5 axb5 29. Bb4 Qb8 30. Nd4 Ne7 31. Bd3 Nc7 32. Bf1 Be8 33. Nf3 Nc6 34. Bxd6 Bxd6 35. Rxd6 Rxd6 36. Rxd6 Nd5 37. exd5 Qxd6 38. dxc6 b4 39. Ne4 Qd1 40. Qe1 Qxe1 41. Nxe1 Bxc6 42. Nc5 Bxg2+ 43. Kxg2 Rxc5 44. Nd3 Rb5 45. Kf3 f5 46. Nf4 Rb6 47. Ke3 Kf7 48. Nd3 Kf6 49. Kd4 e5+ 50. Kc5 Rb8 51. Nxb4 Rd8 52. a4 e4 53. a5 Rd1 54. Bb5 g5 55. a6 Rd8 56. a7 Ra8 57. Nc6 h5 58. Bf1 g4 59. b4 f4 60. hxg4 hxg4 61. b5 f3 62. Kd4 1-0

[Event "Copenhagen Bronshoj op"]
[Site "Copenhagen"]
[Date "2017.02.13"]
[Round "4"]
[White "Marshall, Michael Owen"]
[Black "Andersen, Soren Mikkel"]
[Result "0-1"]
[WhiteElo "1832"]
[BlackElo "2088"]
[PlyCount "68"]
[EventDate "2017.02.10"]
[EventType "swiss"]
[EventRounds "7"]
[EventCountry "DEN"]
[SourceTitle "CBM 176 Extra"]
[Source "ChessBase"]
[SourceDate "2017.03.02"]
[SourceVersion "1"]
[SourceVersionDate "2017.03.02"]
[SourceQuality "1"]

1. c4 c6 2. g3 d5 3. Bg2 Nf6 4. Nf3 dxc4 5. Na3 b5 6. 0-0 e6 7. b3 Qa5 8. Nc2 cxb3 9. axb3 Qb6 10. Bb2 Nbd7 11. d4 Bb7 12. b4 Be7 13. Re1 0-0 14. e4 a5 15. bxa5 Rxa5 16. Rxa5 Qxa5 17. Qd3 Rd8 18. Bc3 Qb6 19. Ra1 b4 20. Bb2 c5 21. Nd2 cxd4 22. Bxd4 Nc5 23. Bxc5 Bxc5 24. Qe2 Bxf2+ 25. Kh1 Bc5 26. Rb1 Ba6 27. Nc4 Qb5 28. Bf1 Nxe4 29. N2a3 Qc6 30. Bg2 bxa3 31. Bxe4 Qa4 32. Bd3 a2 33. Ra1 Rxd3 34. Qxd3 Bb7+ 0-1

[Event "Copenhagen Bronshoj op"]
[Site "Copenhagen"]
[Date "2017.02.11"]
[Round "2"]
[White "Akdag, Dara Sevkan"]
[Black "Andersen, Soren Mikkel"]
[Result "1-0"]
[WhiteElo "2188"]
[BlackElo "2088"]
[PlyCount "85"]
[EventDate "2017.02.10"]
[EventType "swiss"]
[EventRounds "7"]
[EventCountry "DEN"]
[SourceTitle "CBM 176 Extra"]
[Source "ChessBase"]
[SourceDate "2017.03.02"]
[SourceVersion "1"]
[SourceVersionDate "2017.03.02"]
[SourceQuality "1"]

1. d4 d5 2. Nc3 Nf6 3. Bf4 Bf5 4. f3 e6 5. g4 Bg6 6. a3 Bd6 7. Bg3 Bxg3+ 8. hxg3 c5 9. e3 cxd4 10. Bb5+ Nc6 11. exd4 Qb6 12. Nge2 0-0-0 13. Qd2 Kb8 14. Bxc6 Qxc6 15. Nf4 Nd7 16. 0-0-0 Ka8 17. b3 Rc8 18. Kb2 a6 19. Rh2 Rc7 20. Nxg6 fxg6 21. Na2 Rhc8 22. Nb4 Qd6 23. Qf4 Qb6 24. Rd3 Qb5 25. Qe3 a5 26. Na2 Nb6 27. Kc1 a4 28. Nc3 Qd7 29. Kb2 h6 30. Re2 Rc6 31. Na2 axb3 32. cxb3 Re8 33. Nb4 Rc7 34. Rc3 Rxc3 35. Qxc3 Qb5 36. Qd3 Qxd3 37. Nxd3 Nd7 38. Nf4 g5 39. Nxd5 Kb8 40. Nc3 Rf8 41. Re3 Nb6 42. Rxe6 Kc7 43. Nb5+ 1-0

[Event "Copenhagen Bronshoj op"]
[Site "Copenhagen"]
[Date "2017.02.10"]
[Round "1"]
[White "Andersen, Soren Mikkel"]
[Black "Jorgensen, Orla Eilegaard"]
[Result "1-0"]
[WhiteElo "2088"]
[BlackElo "1678"]
[PlyCount "39"]
[EventDate "2017.02.10"]
[EventType "swiss"]
[EventRounds "7"]
[EventCountry "DEN"]
[SourceTitle "CBM 176 Extra"]
[Source "ChessBase"]
[SourceDate "2017.03.02"]
[SourceVersion "1"]
[SourceVersionDate "2017.03.02"]
[SourceQuality "1"]

1. d4 d5 2. c4 e6 3. Nc3 Nf6 4. Bg5 Be7 5. e3 0-0 6. Nf3 Nbd7 7. Qc2 c5 8. Rd1 b6 9. dxc5 bxc5 10. cxd5 exd5 11. Nxd5 Nxd5 12. Rxd5 Bxg5 13. Rxg5 Bb7 14. Qc3 Nf6 15. Bc4 g6 16. Nd2 h6 17. Rxg6+ Kh7 18. Rxf6 Bxg2 19. Bd3+ Kg7 20. Rg1 1-0

[Event "Copenhagen OeBRO op"]
[Site "Copenhagen"]
[Date "2016.12.29"]
[Round "5"]
[White "Andersen, Soren Mikkel"]
[Black "Lauridsen, Jesper Morch"]
[Result "0-1"]
[WhiteElo "2067"]
[BlackElo "2247"]
[PlyCount "70"]
[EventDate "2016.12.27"]
[EventType "swiss"]
[EventRounds "7"]
[EventCountry "DEN"]
[SourceTitle "CBM 176 Extra"]
[Source "ChessBase"]
[SourceDate "2017.03.02"]
[SourceVersion "1"]
[SourceVersionDate "2017.03.02"]
[SourceQuality "1"]

1. d4 g6 2. c4 Bg7 3. Nc3 Nf6 4. e4 d6 5. Nf3 0-0 6. Be2 Nbd7 7. 0-0 e5 8. Be3 exd4 9. Nxd4 Re8 10. f3 c6 11. Qd2 d5 12. cxd5 cxd5 13. Ndb5 Ne5 14. Rfd1 a6 15. Na3 Qe7 16. Nxd5 Nxd5 17. Qxd5 Be6 18. Qd6 Qh4 19. Bf2 Qf6 20. Nc2 Nc6 21. Qa3 Red8 22. Kf1 b5 23. Qc5 Rdc8 24. Nd4 Nxd4 25. Qxd4 Qf4 26. Qd6 Be5 27. g3 Qf6 28. Qd2 Rd8 29. Qa5 Bxb2 30. Rab1 Bc3 31. Rxd8+ Rxd8 32. Qc7 Rd2 33. Be3 Bc4 34. Bxd2 Qxf3+ 35. Kg1 Bd4+ 0-1